Normal view
MARC view
Entry Personal Name
001 - CONTROL NUMBER
- control field: 10543
003 - CONTROL NUMBER IDENTIFIER
- control field: OSt
005 - DATE AND TIME OF LATEST TRANSACTION
- control field: 20160803151011.0
008 - FIXED-LENGTH DATA ELEMENTS
- fixed length control field: 160803|| aca||aabn | a|a d
040 ## - CATALOGING SOURCE
- Original cataloging agency: OSt
- Transcribing agency: OSt
100 ## - HEADING--PERSONAL NAME
- Personal name: Carr, Joseph J.
670 ## - SOURCE DATA FOUND
- Source citation: Work cat.: (OSt)4908: Carr, Joseph J., Introduction to biomedical equipment technology /, 2001.
